000 00512nam a2200169 i 4500
001 80468
003 ES-MaACL
005 20230906174225.0
007 t|
008 041028s1969 sp ||||1| spa d
100 1 _aHilton, Sibylle.
_963740
245 1 0 _aSex appeal y erótica en la vida matrimonial /
_cSibylle Hilton ; [traducción y anexo: J.A. Bravo].
260 _aBarcelona :
_bSagitario,
_c[1969]
300 _a158 p. ;
_c19 cm.
700 1 _aBravo, J. A.
_931457
852 _aES-MaACL
_jC-51023
_bR.71822
999 _c80468
_d80468